[Event "FICGS class A 000245 email"]
[Site "FICGS email"]
[Date "2021.04.12"]
[Round "1"]
[White "Domingo Gadea, Jordi"]
[Black "Block, Benjamin"]
[Result "1/2-1/2"]
[WhiteElo "2011"]
[BlackElo "2017"]
[PlyCount "45"]
[EventDate "2021.??.??"]
[EventType "tourn (corr)"]
[EventRounds "6"]
[SourceTitle "Corr 2022"]
[Source "ChessBase"]
[SourceDate "2021.10.24"]
[SourceVersion "1"]
[SourceVersionDate "2021.10.24"]
[SourceQuality "1"]

1. e4 c5 2. Nf3 d6 3. c3 Nf6 4. Be2 e5 5. 0-0 Be7 6. Bb5+ Bd7 7. Bxd7+ Qxd7 8. Re1 Nc6 9. d4 exd4 10. cxd4 d5 11. exd5 Nxd5 12. dxc5 0-0-0 13. Qb3 Bxc5 14. Qc4 Bb6 15. Bd2 Rhe8 16. Nc3 Rxe1+ 17. Rxe1 Nxc3 18. Bxc3 f6 19. Qe4 Qd3 20. Qg4+ Qd7 21. Qe4 Qd3 22. Qg4+ Qd7 23. Qe4 1/2-1/2

[Event "FICGS class C 000331 email"]
[Site "FICGS email"]
[Date "2020.09.23"]
[Round "1"]
[White "Block, Benjamin"]
[Black "Benone, Mateia"]
[Result "1-0"]
[WhiteElo "1943"]
[BlackElo "1816"]
[PlyCount "35"]
[EventDate "2020.??.??"]
[EventType "tourn (corr)"]
[EventRounds "1"]
[SourceTitle "Corr 2022"]
[Source "ChessBase"]
[SourceDate "2021.10.24"]
[SourceVersion "1"]
[SourceVersionDate "2021.10.24"]
[SourceQuality "1"]

1. e4 c5 2. Nf3 g6 3. c3 Bg7 4. d4 cxd4 5. cxd4 d5 6. e5 Nc6 7. h3 Nh6 8. Nc3 0-0 9. Bb5 f6 10. 0-0 fxe5 11. dxe5 a6 12. Bxc6 bxc6 13. Re1 Nf7 14. Bf4 Rb8 15. Nd4 Qe8 16. Qd2 Nd8 17. Na4 Ne6 18. Nxe6 1-0

[Event "FICGS class C 000331 email"]
[Site "FICGS email"]
[Date "2020.09.23"]
[Round "1"]
[White "Block, Benjamin"]
[Black "Salonen, Jukka"]
[Result "1-0"]
[WhiteElo "1943"]
[BlackElo "1983"]
[PlyCount "79"]
[EventDate "2020.??.??"]
[EventType "tourn (corr)"]
[EventRounds "1"]
[SourceTitle "Corr 2022"]
[Source "ChessBase"]
[SourceDate "2021.10.24"]
[SourceVersion "1"]
[SourceVersionDate "2021.10.24"]
[SourceQuality "1"]

1. e4 e5 2. Nf3 Nc6 3. Bb5 a6 4. Ba4 d6 5. c3 Bd7 6. d4 Nf6 7. 0-0 Be7 8. Re1 0-0 9. Nbd2 Re8 10. Nf1 h6 11. Ng3 Bf8 12. h3 Na5 13. Bc2 c5 14. d5 g6 15. b3 Bg7 16. c4 Rc8 17. Bd2 Qc7 18. Qc1 Kh7 19. Qa3 b6 20. Rf1 Rcd8 21. Nh2 Rc8 22. f4 exf4 23. Rxf4 Nh5 24. Nxh5 Bxa1 25. Qc1 Bd4+ 26. Be3 Be5 27. Rxf7+ Kg8 28. Ng4 Kxf7 29. Nxh6+ Ke7 30. Bg5+ Kf8 31. Qf1+ Bf5 32. Nf4 Qg7 33. exf5 Bxf4 34. Bxf4 Qc3 35. Kh2 Kg7 36. Ng4 Rh8 37. f6+ Kf7 38. Bxg6+ Kxg6 39. Qb1+ Kf7 40. Qf5 1-0

[Event "FICGS class C 000331 email"]
[Site "FICGS email"]
[Date "2020.09.23"]
[Round "1"]
[White "Block, Benjamin"]
[Black "Satonnet, Patrick"]
[Result "1-0"]
[WhiteElo "1943"]
[BlackElo "2102"]
[PlyCount "21"]
[EventDate "2020.??.??"]
[EventType "tourn (corr)"]
[EventRounds "1"]
[SourceTitle "Corr 2022"]
[Source "ChessBase"]
[SourceDate "2021.10.24"]
[SourceVersion "1"]
[SourceVersionDate "2021.10.24"]
[SourceQuality "1"]

1. e4 c5 2. Nf3 Nc6 3. d4 cxd4 4. Nxd4 e5 5. Nb5 d6 6. N1c3 a6 7. Na3 b5 8. Nd5 Nge7 9. c4 Nd4 10. cxb5 Nxd5 11. exd5 1-0

[Event "FICGS class C 000331 email"]
[Site "FICGS email"]
[Date "2020.09.23"]
[Round "1"]
[White "Hallqvist, Niklas"]
[Black "Block, Benjamin"]
[Result "1/2-1/2"]
[WhiteElo "2109"]
[BlackElo "1943"]
[PlyCount "95"]
[EventDate "2020.??.??"]
[EventType "tourn (corr)"]
[EventRounds "1"]
[SourceTitle "Corr 2022"]
[Source "ChessBase"]
[SourceDate "2021.10.24"]
[SourceVersion "1"]
[SourceVersionDate "2021.10.24"]
[SourceQuality "1"]

1. c4 e5 2. g3 Nf6 3. Bg2 c6 4. d4 e4 5. Bg5 d5 6. Bxf6 Bb4+ 7. Nc3 Qxf6 8. e3 0-0 9. Nge2 Be6 10. cxd5 cxd5 11. 0-0 Nd7 12. Rc1 Nb6 13. Qb3 Bd6 14. Nb5 Qd8 15. Nxd6 Qxd6 16. Rc5 Nc4 17. Qxb7 Rfb8 18. Qc6 Qxc6 19. Rxc6 Rxb2 20. Nf4 Re8 21. Rc5 Rxa2 22. Nxd5 Bxd5 23. Rxd5 g6 24. Rc1 Nb2 25. g4 a5 26. g5 Nd3 27. Rf1 a4 28. h4 h6 29. Rb5 a3 30. Ra5 Nb4 31. Kh2 Re7 32. Kg3 Nd3 33. Ra8+ Kh7 34. Bh3 hxg5 35. hxg5 Kg7 36. Rh1 f5 37. gxf6+ Kxf6 38. Bg4 Rxf2 39. Rxa3 Rb2 40. Ra6+ Kg7 41. Rd6 Rf7 42. Ra1 Nf2 43. Raa6 Nxg4 44. Rxg6+ Kh7 45. Rxg4 Rf3+ 46. Kh4 Rxe3 47. Ra7+ Kh6 48. Ra6+ 1/2-1/2

[Event "FICGS class C 000284 email"]
[Site "FICGS email"]
[Date "2020.08.13"]
[Round "1"]
[White "Horoshilov, Andrey"]
[Black "Block, Benjamin"]
[Result "0-1"]
[WhiteElo "1705"]
[BlackElo "1745"]
[PlyCount "60"]
[EventDate "2020.??.??"]
[EventType "tourn (corr)"]
[EventRounds "4"]
[SourceTitle "Corr 2022"]
[Source "ChessBase"]
[SourceDate "2021.10.24"]
[SourceVersion "1"]
[SourceVersionDate "2021.10.24"]
[SourceQuality "1"]

1. Nc3 d5 2. d4 Nf6 3. Bf4 Bf5 4. Nf3 e6 5. e3 Bd6 6. Bxd6 cxd6 7. Bd3 Be4 8. Bxe4 dxe4 9. Ng5 Qa5 10. 0-0 Qxg5 11. Ne2 0-0 12. Ng3 d5 13. Qe2 h5 14. f4 exf3 15. Rxf3 Nbd7 16. Nh1 Rae8 17. Rg3 Qh6 18. Rh3 e5 19. dxe5 Nxe5 20. Ng3 g6 21. Rf1 Neg4 22. Rf3 d4 23. Nf1 Qg5 24. Qd2 dxe3 25. Nxe3 Rd8 26. Qe1 Rfe8 27. Qc3 Nxe3 28. Rhg3 Rd1+ 29. Kf2 Neg4+ 30. Rxg4 Nxg4+ 0-1

[Event "FICGS class C 000283 email"]
[Site "FICGS email"]
[Date "2020.07.21"]
[Round "1"]
[White "Block, Benjamin"]
[Black "Bhaskar, Adithya"]
[Result "1/2-1/2"]
[WhiteElo "1745"]
[BlackElo "2000"]
[PlyCount "66"]
[EventDate "2020.??.??"]
[EventType "tourn (corr)"]
[EventRounds "4"]
[SourceTitle "Corr 2022"]
[Source "ChessBase"]
[SourceDate "2021.10.24"]
[SourceVersion "1"]
[SourceVersionDate "2021.10.24"]
[SourceQuality "1"]

1. e4 c5 2. Nf3 e6 3. d4 cxd4 4. Nxd4 Nc6 5. Nc3 Qc7 6. Be3 a6 7. Qd2 Nf6 8. 0-0-0 Bb4 9. f3 Ne5 10. Nb3 b5 11. Qe1 Be7 12. f4 Ng6 13. e5 Ng4 14. Ne4 Nxe3 15. Qxe3 0-0 16. h4 Bb7 17. Nd6 f6 18. Nxb7 fxe5 19. f5 Rac8 20. c3 Rxf5 21. Bd3 Rf6 22. N7a5 d5 23. Kb1 Rcf8 24. Bxg6 Rxg6 25. h5 Rgf6 26. Qc1 Rf2 27. Rdg1 h6 28. Rf1 Qb6 29. g4 e4 30. Rxf2 Rxf2 31. Qe1 e3 32. Nd4 Bg5 33. Rf1 e5 1/2-1/2

[Event "FICGS class C 000283 email"]
[Site "FICGS email"]
[Date "2020.07.21"]
[Round "1"]
[White "Quintero, Raul"]
[Black "Block, Benjamin"]
[Result "1/2-1/2"]
[WhiteElo "1822"]
[BlackElo "1745"]
[PlyCount "113"]
[EventDate "2020.??.??"]
[EventType "tourn (corr)"]
[EventRounds "4"]
[SourceTitle "Corr 2022"]
[Source "ChessBase"]
[SourceDate "2021.10.24"]
[SourceVersion "1"]
[SourceVersionDate "2021.10.24"]
[SourceQuality "1"]

1. d4 d5 2. Nf3 Nf6 3. Bg5 Ne4 4. Bf4 c5 5. e3 Qb6 6. Qc1 Nc6 7. c3 Bf5 8. Be2 e6 9. 0-0 Be7 10. Nbd2 0-0 11. Re1 h6 12. Nxe4 Bxe4 13. Qd2 Bf6 14. h3 Rfd8 15. Bh2 a5 16. dxc5 Qxc5 17. a4 Rac8 18. Rad1 Bxf3 19. Bxf3 Be5 20. Kh1 Bxh2 21. Kxh2 Ne5 22. Be2 Nc4 23. Qc2 Qb6 24. Rb1 Nd6 25. Rec1 Qc7 26. Kg1 Qe7 27. b3 Qf6 28. c4 Rc5 29. Qc3 Qxc3 30. Rxc3 dxc4 31. bxc4 Kf8 32. f3 Ke7 33. g4 Rdc8 34. h4 R8c7 35. h5 R5c6 36. Rbc1 b6 37. Bd3 e5 38. Kf2 e4 39. Bxe4 Rxc4 40. Rxc4 Rxc4 41. Rxc4 Nxc4 42. f4 Kd6 43. Bd3 Kc5 44. Bxc4 Kxc4 45. g5 f6 46. e4 fxg5 47. e5 Kc5 48. f5 Kd5 49. e6 Kd6 50. Kg3 Ke7 51. Kh3 Kf6 52. Kg4 Ke7 53. Kf3 Kf6 54. Kg3 Ke7 55. Kf3 Kf6 56. Kg4 Ke7 57. Kf3 1/2-1/2